00359nam a22001337a 4500020001500000082001200015100002200027245005200049260004700101300001800148500001900166650001500185700002500200 a0673078922 a150 COL aColeman, James C. aContemporary Pshychology and Effective Behavior aEnglandbScott, Foresman and Companyc1974 a562 p.bill.; aIncludes index aPsychology aHammen, Constance L.